000 01416nam a22003374a 4500
001 ebr10053550
003 CaPaEBR
006 m u
007 cr cn|||||||||
008 990430s2000 caua sb s001 0 eng
010 _z 99031248
020 _z0520219937 (alk. paper)
020 _z0520219945 (alk. paper)
040 _aCaPaEBR
_cCaPaEBR
035 _a(OCoLC)614711864
050 1 4 _aHN740.S54
_bL58 2000eb
082 0 4 _a306/.0951/43
_221
100 1 _aLiu, Xin,
_d1957-
245 1 0 _aIn one's own shadow
_h[electronic resource] :
_ban ethnographic account of the condition of post-reform rural China /
_cXin Liu.
260 _aBerkeley :
_bUniversity of California Press,
_cc2000.
300 _axvi, 245 p. :
_bill.
504 _aIncludes bibliographical references (p. 217-235) and index.
533 _aElectronic reproduction.
_bPalo Alto, Calif. :
_cebrary,
_d2013.
_nAvailable via World Wide Web.
_nAccess may be limited to ebrary affiliated libraries.
650 0 _aRural development
_zChina
_zShaanxi Sheng.
650 0 _aSocial change
_zChina
_zShaanxi Sheng.
651 0 _aShaanxi Sheng (China)
_xRural conditions.
651 0 _aShaanxi Sheng (China)
_xSocial life and customs.
655 7 _aElectronic books.
_2local
710 2 _aebrary, Inc.
856 4 0 _uhttp://site.ebrary.com/lib/rucke/Doc?id=10053550
_zAn electronic book accessible through the World Wide Web; click to view
999 _c169636
_d169636